Kombinacja Norweska - Najlepsze Kraje na IO w XXI wieku - Statystyki

Ogólne statystyki
  • Ten quiz został rozwiązany 30 razy
  • Średni wynik to 7 z 8
Statystyki odpowiedzi
🥇 🥈 🥉 Kraj % Poprawnych
7x 5x 2x Norwegia
100%
3x 3x 9x Austria
97%
1x 3x - Stany Zjednoczone
93%
- - 1x Włochy
93%
3x 2x 3x Finlandia
90%
6x 6x 4x Niemcy
90%
- 2x 2x Japonia
86%
1x - - Francja
83%
Nie znaleziono quizów pasujących do podanych kryteriów
Rozkład punktacji
Procent ludzi z każdym wynikiem
Percentyl według liczby udzielonych odpowiedzi
Twoja historia wyników
Nie rozwiązałeś tego quizu